[Event "COL-ch U17"]
[Site "Pereira"]
[Date "2017.12.01"]
[Round "4.6"]
[White "Garcia Barrera, Diego Fernando"]
[Black "Salazar Nieto, Carlos Mauricio"]
[Result "1-0"]
[WhiteElo "1465"]
[BlackElo "1647"]
[PlyCount "83"]
[EventDate "2017.11.30"]
[EventType "swiss"]
[EventRounds "6"]
[EventCountry "COL"]
[SourceTitle "EXT 2024"]
[Source "ChessBase"]
[SourceDate "2023.10.10"]
[SourceVersion "1"]
[SourceVersionDate "2023.10.10"]
[SourceQuality "1"]

1. Nf3 Nf6 2. g3 g6 3. Bg2 Bg7 4. 0-0 0-0 5. c4 c5 6. d4 d6 7. Nc3 Nc6 8. dxc5 dxc5 9. Bf4 Nh5 10. Be3 Nd4 11. Qc1 Rb8 12. Bh6 b6 13. Bxg7 Kxg7 14. Rd1 Bb7 15. Nxd4 cxd4 16. Nb5 Bxg2 17. Rxd4 Qc8 18. Kxg2 Qb7+ 19. f3 Rfd8 20. Qc3 Rxd4 21. Qxd4+ Nf6 22. Rd1 Rc8 23. b3 Rc6 24. Qb2 a6 25. Nc3 Rd6 26. Rxd6 exd6 27. Nd5 Qd7 28. Nxf6 Qe6 29. Ne4+ Kh6 30. Qd4 f5 31. Qxd6 Qe8 32. Qd2+ Kg7 33. Nd6 Qd7 34. Qd4+ Kf8 35. Qh8+ Ke7 36. Nc8+ Ke6 37. Qg8+ Kf6 38. Nxb6 Qd2 39. Nd5+ Kg5 40. h4+ Kh5 41. Nf6+ Kh6 42. Qf8# 1-0

[Event "COL-ch U17"]
[Site "Pereira"]
[Date "2017.11.30"]
[Round "2.7"]
[White "Diaz, Diego Alejandro"]
[Black "Salazar Nieto, Carlos Mauricio"]
[Result "1-0"]
[WhiteElo "1529"]
[BlackElo "1647"]
[PlyCount "51"]
[EventDate "2017.11.30"]
[EventType "swiss"]
[EventRounds "6"]
[EventCountry "COL"]
[SourceTitle "EXT 2024"]
[Source "ChessBase"]
[SourceDate "2023.10.10"]
[SourceVersion "1"]
[SourceVersionDate "2023.10.10"]
[SourceQuality "1"]

1. e4 c5 2. d4 cxd4 3. c3 dxc3 4. Nxc3 Nc6 5. Bc4 Nf6 6. Nf3 a6 7. 0-0 e6 8. e5 Ng8 9. Ne4 f6 10. Nd6+ Bxd6 11. exd6 b5 12. Bb3 f5 13. Bf4 Nf6 14. Nd4 Qb6 15. Nxc6 Qxc6 16. Rc1 Qe4 17. Bg3 Bb7 18. f3 Qe3+ 19. Bf2 Qe5 20. Rc7 Bc6 21. Re1 Qxb2 22. Rxc6 dxc6 23. Rxe6+ Kf8 24. d7 Rd8 25. Qd6+ Kf7 26. Rxf6# 1-0

[Event "COL-ch U17"]
[Site "Pereira"]
[Date "2017.11.30"]
[Round "1.2"]
[White "Salazar Nieto, Carlos Mauricio"]
[Black "Sabogal Varela, Jose Joaquin"]
[Result "1/2-1/2"]
[WhiteElo "1647"]
[BlackElo "1796"]
[PlyCount "121"]
[EventDate "2017.11.30"]
[EventType "swiss"]
[EventRounds "6"]
[EventCountry "COL"]
[SourceTitle "EXT 2024"]
[Source "ChessBase"]
[SourceDate "2023.10.10"]
[SourceVersion "1"]
[SourceVersionDate "2023.10.10"]
[SourceQuality "1"]

1. e4 c5 2. Nf3 d6 3. d4 cxd4 4. Nxd4 Nf6 5. Nc3 a6 6. f3 e5 7. Nde2 Be7 8. Nd5 Nxd5 9. Qxd5 Qc7 10. Nc3 Nd7 11. Bc4 0-0 12. Be3 Nb6 13. Bxb6 Qxb6 14. 0-0-0 Be6 15. Qd3 Rac8 16. Nd5 Bxd5 17. Bxd5 Rc5 18. Qb3 Rb5 19. Qc3 Bg5+ 20. Kb1 Be3 21. Bb3 Bd4 22. Qd3 a5 23. c3 Bc5 24. Qc2 Qc7 25. Rd5 Rb6 26. Rhd1 Rb8 27. R1d3 Ra6 28. Qd2 b5 29. a3 Rc8 30. f4 b4 31. fxe5 Rd8 32. exd6 Raxd6 33. Rxd6 Rxd6 34. Rxd6 Bxd6 35. cxb4 axb4 36. axb4 Bxh2 37. Qd5 g6 38. b5 Bg1 39. e5 Kg7 40. Qd6 Qxd6 41. exd6 f5 42. Kc2 Kf6 43. Kd3 Bb6 44. d7 h6 45. Bc4 Ke5 46. g3 g5 47. Ke2 Kd6 48. Bd3 Kxd7 49. Bxf5+ Kd6 50. Kf3 Bd4 51. b3 Kc5 52. Bd3 Kd5 53. Kg4 Be3 54. Kf5 h5 55. Bc4+ Kc5 56. Be2 h4 57. gxh4 gxh4 58. Kg4 Bf2 59. b4+ Kxb4 60. b6 Bxb6 61. Kxh4 1/2-1/2